Central Library OPAC University of Rajshahi

An introduction to western civilization / (Record no. 55486)

MARC details
000 -LEADER
fixed length control field 00818nam a2200265 a 4500
001 - CONTROL NUMBER
control field 55486
003 - CONTROL NUMBER IDENTIFIER
rucl marc code BD-RjUL
005 - DATE AND TIME OF LATEST TRANSACTION
control field 20211209080255.0
008 - FIXED-LENGTH DATA ELEMENTS--GENERAL INFORMATION
fixed length control field 161119s1992 ii 000 0 eng
035 ## - SYSTEM CONTROL NUMBER
System control number (BD-RjUL)55609
040 ## - CATALOGING SOURCE
Original cataloging agency DLC
Transcribing agency OKentU
Modifying agency OCoLC
-- BD-RjUL
Language of cataloging eng
041 ## - LANGUAGE CODE
Language code of text/sound track or separate title eng
082 ## - DEWEY DECIMAL CLASSIFICATION NUMBER
Edition number 23
Classification number 901.9
Author mark and year GOI 1992
100 1# - MAIN ENTRY--PERSONAL NAME
Personal name Gokhale, B.K.
9 (RLIN) 165287
245 13 - TITLE STATEMENT
Title An introduction to western civilization /
Statement of responsibility, etc. B.K. Gokhale
250 ## - EDITION STATEMENT
Edition statement 1st ed.
260 ## - PUBLICATION, DISTRIBUTION, ETC. (IMPRINT)
Place of publication, distribution, etc. New delhi :
Name of publisher, distributor, etc. Doubleday, Doran & company, inc.,
Date of publication, distribution, etc. 1973[ reprinted 1992]
300 ## - PHYSICAL DESCRIPTION
Pagination xi, 575 p. :
Illustrations ill.;
Size 24 cm.
650 #0 - SUBJECT ADDED ENTRY--TOPICAL TERM
Topical term or geographic name as entry element Civilization
General subdivision History.
9 (RLIN) 117367
Topical term or geographic name as entry element Civilization, Western.
9 (RLIN) 165288
Topical term or geographic name as entry element Social sciences.
9 (RLIN) 165289
942 ## - ADDED ENTRY ELEMENTS (KOHA)
Source of classification or shelving scheme Dewey Decimal Classification
Koha item type Books
Holdings
Lost status Source of classification or shelving scheme Damaged status Not for loan Collection code Permanent Location Current Location Shelving location Date acquired Source of acquisition Total Checkouts Full call number Date last seen Copy number Koha item type
  Dewey Decimal Classification     Non-fiction Central Library, University of Rajshahi Central Library, University of Rajshahi   26/09/2000 R.U.C.L.   901.9 GOI 1992 19/11/2016 C-2 Books